| 000 | 00520nam a2200181 a 4500 | ||
|---|---|---|---|
| 001 | 1771665202729 | ||
| 003 | YourLibrary | ||
| 005 | 20260221144452.0 | ||
| 008 | 260221s1992##################000#0#eng## | ||
| 020 | _a9783261044891 | ||
| 082 | 0 | 4 |
_a338.4766 _bVAE |
| 100 | 1 |
_aVaessen, Willem, _eauthor. |
|
| 245 | 1 | 0 | _aThe Economics of Speed : |
| 260 |
_bPeter Lang Gmbh, Internationaler Verlag Der Wissenschaften, _c1992. |
||
| 650 | 0 | _aChemical industry. | |
| 942 | _cENGLISH | ||
| 040 |
_aYourLibrary _beng _cYourLibrary |
||
| 999 |
_c615140 _d615140 |
||